Geog.1 : (Record no. 6369)
[ view plain ]
| 000 -LEADER | |
|---|---|
| fixed length control field | 00864nam a22002177a 4500 |
| 001 - CONTROL NUMBER | |
| control field | 6369 |
| 003 - CONTROL NUMBER IDENTIFIER | |
| control field | FISKH |
| 005 - DATE AND TIME OF LATEST TRANSACTION | |
| control field | 20250424110620.0 |
| 008 - FIXED-LENGTH DATA ELEMENTS--GENERAL INFORMATION | |
| fixed length control field | 250424b cb ||||| |||| 00| 0 eng d |
| 020 ## - INTERNATIONAL STANDARD BOOK NUMBER | |
| International Standard Book Number | 9780198393085 |
| 040 ## - CATALOGING SOURCE | |
| Original cataloging agency | FISKH |
| Language of cataloging | eng |
| Transcribing agency | FISKH |
| Modifying agency | FISKH |
| 082 ## - DEWEY DECIMAL CLASSIFICATION NUMBER | |
| Classification number | 910.71241 |
| 100 ## - MAIN ENTRY--PERSONAL NAME | |
| Personal name | Gallagher, RoseMarie |
| 245 ## - TITLE STATEMENT | |
| Title | Geog.1 : |
| Remainder of title | Teacher's handbook / |
| Statement of responsibility, etc. | By RoseMarie Gallagher |
| 250 ## - EDITION STATEMENT | |
| Edition statement | First published 2000 |
| 260 ## - PUBLICATION, DISTRIBUTION, ETC. | |
| Place of publication, distribution, etc. | Oxford : |
| Name of publisher, distributor, etc. | Oxford University Press , |
| Date of publication, distribution, etc. | 2014. |
| 300 ## - PHYSICAL DESCRIPTION | |
| Extent | 168 pages : |
| Other physical details | illustrations ; |
| Dimensions | 30 cm . |
| 520 ## - SUMMARY, ETC. | |
| Summary, etc. | A new edition of geog.1 Teacher's Handbook, providing vital and outstanding support for teachers using the new edition geog.1 Student Book - which has been revised and updated to deliver the new Programme of Study for Geography at Key Stage 3 (for teaching from 2014). |
| 942 ## - ADDED ENTRY ELEMENTS (KOHA) | |
| Source of classification or shelving scheme | Dewey Decimal Classification |
| Koha item type | Books |
| Suppress in OPAC | No |
| Withdrawn status | Lost status | Source of classification or shelving scheme | Damaged status | Not for loan | Collection | Home library | Current library | Shelving location | Date acquired | Total Checkouts | Full call number | Barcode | Date last seen | Price effective from | Koha item type |
|---|---|---|---|---|---|---|---|---|---|---|---|---|---|---|---|
| Dewey Decimal Classification | Reference | Footprints International School Library Network Toul Tom Poung Campus | Footprints International School Library Network Toul Tom Poung Campus | TTP Secondary Non-Fiction Bookshelves | 04/24/2025 | GAL 910.71241 | FISSE03104 | 04/24/2025 | 04/24/2025 | Books |
